000 00488nam a2200181Ia 4500
005 20250508161817.0
008 008 250505s9999 xx 000 0 eng d
037 _aTextual
040 _aFEDL
_beng
_cFEDL
041 _aeng
_2eng
084 _a371.1472, CHA
_qFEDL
100 _aChaurasia G Ed.
_9771609
245 0 _aAdministation and supervision of schools
300 _a161p.
650 _aTeaching
942 _cTEXL
_h371.1472, CHA
999 _c1372367
_d1372367